[Event "ISL-chT1 2122"]
[Site "Reykjavik"]
[Date "2021.10.03"]
[Round "5.3"]
[White "Heimisson, Hilmir Freyr"]
[Black "Viglundsson, Bjorgvin"]
[Result "1-0"]
[WhiteElo "2286"]
[BlackElo "2219"]
[PlyCount "81"]
[EventDate "2021.09.30"]
[EventType "team-tourn"]
[EventRounds "10"]
[EventCountry "ISL"]
[SourceTitle "EXT 2022"]
[Source "ChessBase"]
[SourceDate "2021.10.06"]
[SourceVersion "1"]
[SourceVersionDate "2021.10.06"]
[SourceQuality "1"]
[WhiteTeam "Skakdeild Fjolnis"]
[BlackTeam "Taflfelag Reykjavikur"]
[WhiteTeamCountry "ISL"]
[BlackTeamCountry "ISL"]

1. c4 e5 2. g3 g6 3. Bg2 Bg7 4. e3 Nc6 5. Ne2 Nge7 6. Nbc3 0-0 7. d4 exd4 8. exd4 d6 9. 0-0 Nf5 10. d5 Ne5 11. Bf4 Nxc4 12. Qb3 Ne5 13. Ne4 h6 14. Rfd1 Re8 15. Rac1 Ng4 16. f3 Ne5 17. Rc2 a6 18. Kh1 g5 19. Bc1 b5 20. h3 Nc4 21. f4 gxf4 22. Bxf4 Re7 23. g4 Nh4 24. N2g3 Nxg2 25. Rxg2 Qe8 26. Qf3 Ne5 27. Qe3 Nc4 28. Qf3 Ne5 29. Qe3 Nc4 30. Qe2 Kh8 31. g5 Bxh3 32. Rh2 Bf5 33. Nxf5 Rxe4 34. gxh6 Bf6 35. Qf2 Ne5 36. Rg1 Ng6 37. Bd2 Be5 38. Ng3 Rg4 39. Qf5 Rxg3 40. Rxg3 Bxg3 41. Qf6+ 1-0

[Event "WchT Seniors 65"]
[Site "Rhodes"]
[Date "2019.04.23"]
[Round "8.3"]
[White "Povah, Nigel Edward"]
[Black "Viglundsson, Bjorgvin"]
[Result "1/2-1/2"]
[WhiteElo "2319"]
[BlackElo "2170"]
[PlyCount "65"]
[EventDate "2019.04.16"]
[EventType "team-swiss"]
[EventRounds "9"]
[EventCountry "GRE"]
[SourceTitle "CBM 190 Extra"]
[Source "ChessBase"]
[SourceDate "2019.07.15"]
[SourceVersion "1"]
[SourceVersionDate "2019.07.15"]
[SourceQuality "1"]
[WhiteTeam "England"]
[BlackTeam "Iceland II"]
[WhiteTeamCountry "ENG"]
[BlackTeamCountry "ISL"]

1. d4 d5 2. Bf4 Nf6 3. e3 e6 4. Nd2 Bd6 5. Bg3 b6 6. Ngf3 Bb7 7. Bb5+ c6 8. Bd3 c5 9. c3 0-0 10. Ne5 Nc6 11. f4 Ne7 12. Qb1 a5 13. Bh4 Ng6 14. Bxf6 gxf6 15. Nxg6 fxg6 16. 0-0 f5 17. a4 Ba6 18. Bxa6 Rxa6 19. Qd3 c4 20. Qc2 Ra8 21. b3 cxb3 22. Qxb3 Rc8 23. Rfc1 Rc6 24. Ra2 Qc7 25. Rac2 Rc8 26. Kf2 h6 27. g3 Kg7 28. Ke2 Kf6 29. Kd3 g5 30. c4 Bb4 31. Nf3 Qb7 32. Ne5 R6c7 33. Rf2 1/2-1/2

[Event "Reykjavik Congress"]
[Site "Reykjavik"]
[Date "2019.01.30"]
[Round "8"]
[White "Viglundsson, Bjorgvin"]
[Black "Stefansson, Vignir Vatnar"]
[Result "1/2-1/2"]
[WhiteElo "2092"]
[BlackElo "2248"]
[PlyCount "83"]
[EventDate "2019.01.06"]
[EventType "swiss"]
[EventRounds "9"]
[EventCountry "ISL"]
[SourceTitle "CBM 188 Extra"]
[Source "ChessBase"]
[SourceDate "2019.02.26"]
[SourceVersion "1"]
[SourceVersionDate "2019.02.26"]
[SourceQuality "1"]

1. c4 e5 2. Nc3 Nc6 3. g3 h5 4. Nf3 Be7 5. d4 exd4 6. Nxd4 h4 7. Nxc6 dxc6 8. Qxd8+ Bxd8 9. Bg2 h3 10. Bf3 Be6 11. b3 Bf6 12. Bd2 g5 13. 0-0-0 g4 14. Be4 0-0-0 15. Kc2 Ne7 16. Bd3 Bd4 17. Rhf1 Rhe8 18. Ne4 Bf5 19. Bg5 Bg6 20. Nf6 Bxf6 21. Bxf6 Bxd3+ 22. Rxd3 Rxd3 23. Kxd3 Nf5 24. e4 Nh6 25. e5 Ng8 26. f3 gxf3 27. Rxf3 Nh6 28. Rf4 Rg8 29. Rh4 Ng4 30. Ke4 Kd7 31. Kf5 Ne3+ 32. Ke4 Ng4 33. Kf4 Nxh2 34. Rxh3 Ng4 35. Bh8 Ke6 36. Rh4 Nf2 37. Rh6+ Rg6 38. Rxg6+ fxg6 39. g4 Nh3+ 40. Kg3 Ng5 41. Kf4 Nh3+ 42. Ke4 1/2-1/2

[Event "ISL-chT1 1819"]
[Site "Reykjavik"]
[Date "2018.11.10"]
[Round "3.1"]
[White "Viglundsson, Bjorgvin"]
[Black "Ragnarsson, Dagur"]
[Result "0-1"]
[WhiteElo "2104"]
[BlackElo "2312"]
[PlyCount "48"]
[EventDate "2018.11.08"]
[EventType "team-tourn"]
[EventRounds "9"]
[EventCountry "ISL"]
[SourceTitle "CBM 187 Extra"]
[Source "ChessBase"]
[SourceDate "2018.11.04"]
[SourceVersion "1"]
[SourceVersionDate "2018.11.04"]
[SourceQuality "1"]
[WhiteTeam "Taflfelag Reykjavikur II"]
[BlackTeam "Skakdeild Fjolnis"]
[WhiteTeamCountry "ISL"]
[BlackTeamCountry "ISL"]

1. d4 Nf6 2. Nf3 g6 3. b3 Bg7 4. Bb2 0-0 5. g3 Ne4 6. Nbd2 d5 7. Bg2 c5 8. 0-0 Nc6 9. e3 Bg4 10. h3 Nxd2 11. Qxd2 Bxf3 12. Bxf3 cxd4 13. exd4 Qd7 14. Rfe1 b5 15. c3 Rfd8 16. Kg2 a5 17. a4 Rab8 18. Bd1 b4 19. Rc1 bxc3 20. Bxc3 Qa7 21. Bb2 Nxd4 22. Ba3 Ne6 23. Qd3 Qb7 24. Bf3 Bf6 0-1

[Event "Reykjavik Faxaven op"]
[Site "Reykjavik"]
[Date "2018.03.28"]
[Round "2"]
[White "Hauksson, Bjorgvin Jonas"]
[Black "Viglundsson, Bjorgvin"]
[Result "0-1"]
[WhiteElo "1704"]
[BlackElo "2147"]
[PlyCount "57"]
[EventDate "2018.03.21"]
[EventType "swiss"]
[EventRounds "7"]
[EventCountry "ISL"]
[SourceTitle "EXT 2019"]
[Source "ChessBase"]
[SourceDate "2018.10.10"]
[SourceVersion "1"]
[SourceVersionDate "2018.10.10"]
[SourceQuality "1"]

1. e4 c5 2. Nc3 Nc6 3. Bc4 e6 4. a3 a6 5. d3 b5 6. Ba2 g6 7. Be3 d6 8. Nce2 Bg7 9. Rb1 Nge7 10. f4 Nd4 11. c3 Nxe2 12. Nxe2 Bb7 13. 0-0 0-0 14. Ng3 Rc8 15. f5 exf5 16. exf5 Nd5 17. Bd2 c4 18. dxc4 bxc4 19. Qg4 Qc7 20. h4 Qc6 21. Rf2 Be5 22. h5 Nf6 23. Qg5 h6 24. Qh4 g5 25. Qh3 Bxg3 26. Qxg3 Ne4 27. Qg4 Nxf2 28. Kxf2 Qe4 29. Qf3 0-1

[Event "Reykjavik Congress"]
[Site "Reykjavik"]
[Date "2018.01.28"]
[Round "6"]
[White "Bjornsson, Sigurbjorn"]
[Black "Viglundsson, Bjorgvin"]
[Result "1-0"]
[WhiteElo "2288"]
[BlackElo "2167"]
[PlyCount "73"]
[EventDate "2018.01.10"]
[EventType "swiss"]
[EventRounds "9"]
[EventCountry "ISL"]
[SourceTitle "CBM 182 Extra"]
[Source "ChessBase"]
[SourceDate "2018.02.23"]
[SourceVersion "1"]
[SourceVersionDate "2018.02.23"]
[SourceQuality "1"]

1. e4 e6 2. d4 d5 3. Nd2 Nf6 4. Bd3 c5 5. c3 cxd4 6. cxd4 dxe4 7. Nxe4 Nbd7 8. Nf3 Nxe4 9. Bxe4 Nf6 10. Bc2 Bb4+ 11. Kf1 Bd7 12. Bg5 Bb5+ 13. Kg1 Be7 14. h4 Rc8 15. Rc1 h6 16. Bf4 0-0 17. Qd2 Qd5 18. Rh3 Nh5 19. Bxh6 gxh6 20. Qxh6 Rxc2 21. Rxc2 Qf5 22. Rc3 Qh7 23. Qxh7+ Kxh7 24. Rc7 Bd6 25. Ng5+ Kg6 26. Rxb7 Bc6 27. Rxa7 Nf4 28. Re3 Nxg2 29. Nxe6 Rg8 30. Rc3 Bd5 31. Nc7 Kf5 32. Nxd5 Ne3+ 33. Kh1 Nxd5 34. Rxf7+ Ke4 35. Rc6 Bf4 36. h5 Kf3 37. Rg6 1-0

[Event "Budapest FS05 IM"]
[Site "Budapest"]
[Date "2017.05.12"]
[Round "6"]
[White "Viglundsson, Bjorgvin"]
[Black "Hilverda, Alexander"]
[Result "0-1"]
[WhiteElo "2123"]
[BlackElo "2400"]
[PlyCount "88"]
[EventDate "2017.05.06"]
[EventType "tourn"]
[EventRounds "9"]
[EventCountry "HUN"]
[EventCategory "1"]
[SourceTitle "CBM 178 Extra"]
[Source "ChessBase"]
[SourceDate "2017.06.22"]
[SourceVersion "1"]
[SourceVersionDate "2017.06.22"]
[SourceQuality "1"]

1. d4 f5 2. Bg5 g6 3. Nc3 Bg7 4. Nf3 Nf6 5. e3 d6 6. Bc4 h6 7. Bxf6 Bxf6 8. Nd5 e6 9. Nxf6+ Qxf6 10. Qd2 b6 11. Bb5+ Kf7 12. 0-0 Bb7 13. Qe2 a6 14. Bd3 Nc6 15. c3 e5 16. e4 f4 17. Bc4+ Kg7 18. Bd5 Rhf8 19. Rfe1 Qe7 20. dxe5 dxe5 21. Rad1 g5 22. Nd2 Rf6 23. b4 Rg6 24. Qh5 g4 25. Nc4 Rg5 26. Qh4 Rf8 27. Rd3 Qf6 28. h3 gxh3 29. Rxh3 Qg6 30. Rh2 b5 31. Nd2 f3 32. g3 Bc8 33. Bxc6 Qxc6 34. Kh1 Qg6 35. Nf1 Rf4 36. Qxg5 Qxg5 37. gxf4 exf4 38. Nd2 Bg4 39. e5 Kf8 40. Nb3 Ke7 41. Nd4 h5 42. e6 Qd5 43. Kg1 Qc4 44. Rc1 Qxa2 0-1

[Event "Reykjavik op"]
[Site "Reykjavik"]
[Date "2017.04.24"]
[Round "7"]
[White "Viglundsson, Bjorgvin"]
[Black "Briem, Stephan"]
[Result "1/2-1/2"]
[WhiteElo "2143"]
[BlackElo "1865"]
[PlyCount "147"]
[EventDate "2017.04.19"]
[EventType "swiss"]
[EventRounds "10"]
[EventCountry "ISL"]
[SourceTitle "CBM 178 Extra"]
[Source "ChessBase"]
[SourceDate "2017.06.22"]
[SourceVersion "1"]
[SourceVersionDate "2017.06.22"]
[SourceQuality "1"]

1. d4 d5 2. c4 e6 3. Nf3 Nf6 4. g3 b6 5. cxd5 exd5 6. Bg2 Bb7 7. 0-0 Nbd7 8. Nc3 Be7 9. Qb3 c6 10. Bg5 0-0 11. Rfd1 Re8 12. e3 h6 13. Bxf6 Nxf6 14. Rac1 Bd6 15. Ne2 Qe7 16. Nf4 Rac8 17. Ne1 Ne4 18. Ned3 Red8 19. Qa4 Ba8 20. b4 Rc7 21. Rc2 c5 22. bxc5 bxc5 23. dxc5 Bxc5 24. Nxc5 Nxc5 25. Qa3 Ne4 26. Qxe7 Rxe7 27. Bxe4 Rxe4 28. Ne2 Re7 29. Nd4 Red7 30. Rc5 Bb7 31. Ra5 a6 32. Rc5 Rc8 33. Rdc1 Rxc5 34. Rxc5 g6 35. Kf1 Kf8 36. Ke2 Ke7 37. Kd3 Kd6 38. Nb3 Rc7 39. Rxc7 Kxc7 40. Kd4 Kd6 41. Nc5 Bc8 42. f3 f6 43. e4 dxe4 44. Nxe4+ Ke7 45. Kc5 f5 46. Nc3 Bb7 47. f4 Bg2 48. a4 Ke6 49. a5 g5 50. Ne2 Bf1 51. Nd4+ Kf6 52. Kd6 Bd3 53. Nc6 Be2 54. Nb4 Bc4 55. Kc5 Be2 56. Nd5+ Ke6 57. Nc7+ Kd7 58. Kb6 Kd6 59. Nxa6 gxf4 60. gxf4 Kd5 61. Nc7+ Ke4 62. Nb5 Kxf4 63. a6 Ke5 64. a7 Bf3 65. Kc7 Ba8 66. Nd6 f4 67. Nf7+ Kd4 68. Nxh6 f3 69. Ng4 Ke4 70. h4 Kf4 71. Nf2 Kf5 72. Kd6 Kg6 73. Ke5 Kh5 74. Kf5 1/2-1/2

[Event "Reykjavik op"]
[Site "Reykjavik"]
[Date "2017.04.22"]
[Round "5"]
[White "Viglundsson, Bjorgvin"]
[Black "Heidarsson, Arnar Milutin"]
[Result "1-0"]
[WhiteElo "2143"]
[BlackElo "1391"]
[PlyCount "103"]
[EventDate "2017.04.19"]
[EventType "swiss"]
[EventRounds "10"]
[EventCountry "ISL"]
[SourceTitle "CBM 178 Extra"]
[Source "ChessBase"]
[SourceDate "2017.06.22"]
[SourceVersion "1"]
[SourceVersionDate "2017.06.22"]
[SourceQuality "1"]

1. d4 Nf6 2. c4 e6 3. g3 Bb4+ 4. Bd2 Bxd2+ 5. Qxd2 0-0 6. Bg2 d5 7. Nf3 b6 8. cxd5 Nxd5 9. 0-0 Bb7 10. Nc3 Nxc3 11. Qxc3 Nd7 12. Rfd1 Rc8 13. Qa3 a6 14. Rac1 Re8 15. Ne1 Bxg2 16. Nxg2 a5 17. Qa4 Nf6 18. Nf4 Qe7 19. Nd3 Qd7 20. Qxd7 Nxd7 21. Rc6 Nb8 22. Rc3 c6 23. Rdc1 Re7 24. Kg2 Rec7 25. a3 Nd7 26. b4 axb4 27. axb4 b5 28. Kf3 Kf8 29. e4 Ke7 30. Ke2 f6 31. Nc5 Nxc5 32. Rxc5 Kd6 33. Ra1 Re8 34. Ra6 Kd7 35. f4 Rd8 36. Ke3 g6 37. g4 Kd6 38. Rxb5 Ra8 39. e5+ fxe5 40. dxe5+ Kd7 41. Rbb6 Rca7 42. Rxa7+ Rxa7 43. Rb8 Ra3+ 44. Kd4 Rh3 45. Rb7+ Kd8 46. Kc5 Rxh2 47. Kxc6 Rd2 48. Rxh7 Rd4 49. b5 Rxf4 50. b6 Rc4+ 51. Kd6 Rd4+ 52. Kxe6 1-0

[Event "ISL-chT 1617"]
[Site "Reykjavik"]
[Date "2017.03.04"]
[Round "8.5"]
[White "Gajewski, Grzegorz"]
[Black "Viglundsson, Bjorgvin"]
[Result "1-0"]
[WhiteElo "2615"]
[BlackElo "2185"]
[PlyCount "51"]
[EventDate "2016.09.29"]
[EventType "team-tourn"]
[EventRounds "9"]
[EventCountry "ISL"]
[SourceTitle "EXT 2018"]
[Source "ChessBase"]
[SourceDate "2017.10.13"]
[SourceVersion "1"]
[SourceVersionDate "2017.10.13"]
[SourceQuality "1"]
[WhiteTeam "Vikingaklubburinn"]
[BlackTeam "Reykjavik II"]
[WhiteTeamCountry "ISL"]
[BlackTeamCountry "ISL"]

1. d4 d5 2. Nf3 Nf6 3. Bf4 c5 4. e3 e6 5. Nbd2 Bd6 6. Bg3 0-0 7. c3 Nc6 8. Bd3 b6 9. Qe2 Bb7 10. Rd1 Re8 11. Ne5 Bxe5 12. dxe5 Nd7 13. f4 c4 14. Bc2 Nc5 15. Qh5 Nd3+ 16. Bxd3 cxd3 17. Nf3 Qe7 18. Bh4 Qc5 19. Kf2 Qf8 20. Rxd3 f6 21. exf6 gxf6 22. g4 e5 23. g5 fxg5 24. Qxg5+ Kh8 25. Qf6+ Qg7 26. Rg1 1-0

[Event "ISL-chT 1617"]
[Site "Reykjavik"]
[Date "2016.09.30"]
[Round "2.2"]
[White "Thorfinnsson, Bragi"]
[Black "Viglundsson, Bjorgvin"]
[Result "1-0"]
[WhiteElo "2430"]
[BlackElo "2185"]
[PlyCount "56"]
[EventDate "2016.09.29"]
[EventType "team-tourn"]
[EventRounds "9"]
[EventCountry "ISL"]
[SourceTitle "EXT 2018"]
[Source "ChessBase"]
[SourceDate "2017.10.13"]
[SourceVersion "1"]
[SourceVersionDate "2017.10.13"]
[SourceQuality "1"]
[WhiteTeam "Reykjavik"]
[BlackTeam "Reykjavik II"]
[WhiteTeamCountry "ISL"]
[BlackTeamCountry "ISL"]

1. e4 e5 2. Nc3 Nf6 3. f4 d5 4. fxe5 Nxe4 5. Nf3 Bg4 6. Qe2 Nxc3 7. dxc3 c6 8. Bf4 Nd7 9. h3 Bh5 10. 0-0-0 Nc5 11. g4 Ne6 12. Be3 Bg6 13. c4 Be4 14. cxd5 cxd5 15. Qb5+ Qd7 16. Qxd7+ Kxd7 17. Bb5+ Kc7 18. Rhf1 Be7 19. Bd3 Bg6 20. Bxg6 hxg6 21. Ng1 Kc6 22. Rxf7 Bd8 23. c4 d4 24. Bxd4 Bg5+ 25. Kc2 Rad8 26. Nf3 Rxh3 27. Nxg5 Nxd4+ 28. Rxd4 Rxd4 1-0